| 000 | 00875cam a22002655a 4500 | ||
|---|---|---|---|
| 001 | 18302215 | ||
| 005 | 20201128023746.0 | ||
| 008 | 140915s2015 enka frbd 001 0 eng d | ||
| 020 | _a9781292016351 | ||
| 040 |
_aDLC _beng _cDLC _dEG-ScBUE |
||
| 082 | 0 | 4 |
_a658 _222 _bBER |
| 100 | 1 |
_aBerg, Gerben van den. _940115 |
|
| 245 | 1 | 0 |
_a25 need-to-know management models / _cGerben van den Berg, Paul Pietersma. |
| 246 | 3 | _aTwenty-five need-to-know management models | |
| 260 |
_aHarlow : _bPearson Education Limited, _c2015. |
||
| 300 |
_axx, 201 p. : _bill. ; _c22 cm. |
||
| 500 | _aFinancial times publishing. | ||
| 500 | _aGlossary : p. [193]-196. | ||
| 500 | _aIndex : p. [197]-201. | ||
| 504 | _aIncludes bibliographical references. | ||
| 650 | 7 |
_aOrganizational effectiveness. _2BUEsh _9891 |
|
| 653 |
_bBUSADM _cMay2016 |
||
| 700 | 1 | _aPietersma, Paul. | |
| 942 | _2ddc | ||
| 999 |
_c21841 _d21813 |
||